000 00603nam a2200241Ia 4500
003 OSt
005 20221007103115.0
006 a|||||r|||| 00| 0
007 ta
008 221006b |||||||| |||| 00| 0 eng d
024 _a12,251
037 _cTextual
040 _aLCO
_cLCO
_beng
041 _2eng
_aeng
082 _aV2:2, P3
100 _aIyer V.R.K.
_9692280
245 0 _aConstitutional Miscellany
250 _a2nd
260 _aLucknow
_bWastern Book Company India
_c2003
300 _a284+16
942 _hV2:2, P3
_cTEXL
999 _c1181814
_d1181814